Gaming Quiz

Random Gaming or Mixed Word Quiz

Video Game Match: Swapped First Letter Quiz Stats

Quiz Updated Sep 24, 2017

Challenge
Share
Tweet
Score 0/15 Timer 02:00
11 Plays Today
% Correct
Kortal
96.8%
Konkey
96.3%
Eesident
95.3%
Romb
95%
Ftreet
94.8%
Huitar
94.4%
Ipace
94.4%
Sokémon
93.1%
% Correct
Eass
93%
Sii
92.9%
Petroid
88.1%
Sark
87.5%
Read
86.8%
She
85.5%
Throno
84.8%

You're not logged in!

Compare scores with friends on all Sporcle quizzes.
Sign Up with Email
OR
Log In

You Might Also Like...

Show Comments

Extras

Top Quizzes Today


Score Distribution

Your Account Isn't Verified!

In order to create a playlist on Sporcle, you need to verify the email address you used during registration. Go to your Sporcle Settings to finish the process.

Report this User

Report this user for behavior that violates our Community Guidelines.

Details: